MDQL
is popping MORE tags! Check the
thread
!
Quizzes
Events
Quiz Creation
Community
Videos
Private Events
Remove Ads
Sign In
Join for FREE
Feedback
Dark Mode
Quiz Categories
Sports
Geography
Music
Movies
Television
Just For Fun
Miscellaneous
History
Literature
Language
Science
Gaming
Entertainment
Religion
Holiday
For Kids
Quiz Lab
Recent
Popular Today
Quiz Kudos Today
Editor Picks
Curator Picks
Quizzes by...
Day
Popularity
Type
Ratings
Length
Year
Community
Subscriptions
Recent Discussions
Orange Saloon
Badges
Playlists
Quests
Create
Leaderboards
Showdown
Live 5
Trivia Bingo
Activity
Puzzle Library
Sporcle Events
Private Events
Virtual Trivia
Globe League
Become a Host
Pub Owners
SporcleCon
Opinionation
Our Games
Videos
Blog
Mobile Apps
Partnerships
Remove Ads and Go Orange
Feedback
Sports
Athletes
MLB
NBA
NHL
NFL
Soccer
Sports Teams
WWE
NCAA
Football
Premier League
Basketball
Baseball
Hockey
Golf
Tennis
Cricket
Rugby
Auto Racing
Olympics
World Cup
Sports
Athletes
MLB
NBA
NHL
NFL
Soccer
Sports Teams
WWE
NCAA
Football
Premier League
Basketball
Baseball
Hockey
Golf
Tennis
Cricket
Rugby
Auto Racing
Olympics
World Cup
Random Quiz
Search Sporcle
×
Quiz Lab
Quiz Lab
Sports
Basketball
Type in answers that appear in a list
Type in answers that appear in a list
Classic
Best Score? Go Orange.
NBA Top 200 greatest players Stats
Can you name the NBA Top 200 greatest players (according to SLAM Online)?
By
captain_valiant
20m
200 Questions
12.5K Plays
12,538 Plays
12,538 Plays
Comments
Comments
Give Quiz Kudos
Give Quiz Kudos
-
- Ratings
hide this ad
More Info
Replay
Link that replays current quiz
Next Quiz
Link to next quiz in quiz playlist
You Got
0%
They Got
Avg Score
52%
Avg Friend Score
Upgrade to see
Score Distribution
Jump to the score distribution portion of the page
Score
0/200
Timer
20:00
0
Plays Today
Rank
Player
% Correct
1
Michael Jordan
98.4%
31*
LeBron James
94.3%
10*
Kobe Bryant
94.2%
2
Wilt Chamberlain
94%
4
Shaquille O'Neal
93.6%
6
Earvin 'Magic' Johnson
92.9%
53
Dennis Johnson
92.8%
173
Larry Johnson
92.8%
174*
Jermaine O'Neal
92.8%
184*
Joe Johnson
92.8%
102
Kevin Johnson
92.8%
66
Gus Johnson
92.7%
117
Marques Johnson
92.7%
9
Larry Bird
91.8%
3
Bill Russell
91.2%
7
Kareem Abdul-Jabbar
90.8%
8*
Tim Duncan
90.3%
11
Jerry West
87.7%
18
Karl Malone
87.7%
15
Moses Malone
87.5%
27
Scottie Pippen
85.2%
30*
Kevin Garnett
84.8%
49*
Dwyane Wade
84.5%
13
Hakeem Olajuwon
83.5%
22
John Stockton
83%
5
Oscar Robertson
82.8%
40
Allen Iverson
82.6%
25
David Robinson
82.6%
55*
Dirk Nowitzki
82.3%
194
Alvin Robertson
82.3%
50*
Steve Nash
81.8%
77*
Paul Pierce
81.5%
79*
Ray Allen
81.3%
28*
Jason Kidd
81%
20
Charles Barkley
79.9%
19
Isiah Thomas
79.8%
37
Patrick Ewing
79.8%
16
Julius Erving
79.2%
99*
Vince Carter
77.8%
54
Reggie Miller
77.1%
24
Bob Cousy
76.5%
48
Dennis Rodman
75.9%
26
Kevin McHale
75.4%
97*
Tracy McGrady
75%
42
Clyde Drexler
74.2%
105*
Carmelo Anthony
74%
17
John Havlicek
73.7%
12
Elgin Baylor
73.6%
86*
Dwight Howard
73.4%
139*
Tony Parker
73.2%
65
Sam Jones
72.3%
178
KC Jones
72.1%
159
Bobby Jones
72.1%
39
Gary Payton
71.6%
128*
Deron Williams
71.6%
43
Dominique Wilkins
71.5%
100
Buck Williams
71.4%
67
Robert Parish
71.4%
149
Gus Williams
71.4%
171*
Chris Bosh
70.8%
142
Phil Smith
69.5%
166
Randy Smith
69.5%
58
James Worthy
69%
107*
Chris Paul
68.2%
14
Bob Pettit
68.1%
123*
Ben Wallace
68.1%
156
Rasheed Wallace
68%
Rank
Player
% Correct
80
Chris Webber
68%
29
George Mikan
67.8%
160
Mark Jackson
66.9%
87
Tim Hardaway
66.5%
130
Anfernee Hardaway
66.3%
45
George Gervin
66.1%
143*
Manu Ginobili
65.8%
78
Joe Dumars
65.8%
96*
Pau Gasol
65.4%
154
Yao Ming
65.4%
74
Bill Walton
64.7%
144*
Amar'e Stoudemire
64.5%
60
Pete Maravich
64.2%
150
Shawn Kemp
64.2%
36
Walt Frazier
63.7%
73
Alonzo Mourning
63.6%
98*
Grant Hill
63.6%
23
Elvin Hayes
62.6%
21
Rick Barry
61.8%
32
Willis Reed
61.7%
124*
Chauncey Billups
61.7%
199*
Baron Davis
61.2%
104
Walter Davis
61.1%
95
Dikembe Mutombo
60.6%
88
Chris Mullin
60.4%
82
Alex English
60.2%
33
Wes Unseld
57.6%
52
Nate Archibald
55.8%
69
Bernard King
55.3%
63
David Thompson
55%
46
Bob McAdoo
53.9%
83
Adrian Dantley
52.6%
152*
Shawn Marion
52.2%
47
Earl Monroe
51.6%
89
Mitch Richmond
51.4%
35
Dolph Schayes
51.2%
151
Horace Grant
51%
44
Dave Cowens
50.6%
72
Lenny Wilkens
50.2%
110
Chet Walker
50%
190
Jimmy Walker
50%
177*
Elton Brand
49.5%
197
Stephon Marbury
49.4%
155
Mark Price
49%
92
Bob Love
47.5%
38
Jerry Lucas
47.2%
135
Maurice Lucas
47%
118
Jo Jo White
46.3%
57
Dave Bing
46.2%
122
Maurice Cheeks
45.9%
183*
Gilbert Arenas
45.7%
62
Bob Lanier
45.1%
162
Johnny Green
45%
71
Paul Arizin
44.2%
132
Charlie Scott
43.9%
34
Nate Thurmond
43.8%
76
Dave DeBusschere
43.5%
59
Hal Greer
43.3%
167
Terry Porter
43.1%
112
Kevin Porter
43.1%
120
Tom Chambers
43%
41
Billy Cunningham
40.9%
101
Slater Martin
40.6%
84
Artis Gilmore
40.4%
187
Mark Aguirre
40%
51
Walt Bellamy
39.9%
68
Tommy Heinsohn
39.2%
Rank
Player
% Correct
188
Micheal Ray Richardson
38.9%
195
Sam Cassell
38.8%
196
World B Free
38.8%
103
Brad Daugherty
38.2%
90
Sidney Moncrief
37.6%
172
Bill Bradley
37.4%
56
Connie Hawkins
37.1%
147
Johnny Kerr
36.2%
140*
Ron Artest
36.2%
70
Bill Sharman
36%
119
Jack Sikma
35.2%
165
Larry Nance
34.4%
106
Dan Issel
34%
137
Michael Cooper
33.5%
157
Calvin Murphy
33.2%
148
Terry Cummings
31.8%
168
Rolando Blackman
31.7%
182
Derrick Coleman
31.3%
192
Kiki Vandeweghe
31%
180
Jamal Mashburn
30.4%
109
Jamaal Wilkes
28.9%
141
Paul Westphal
28.3%
94
Spencer Haywood
27.2%
176
Reggie Theus
27.2%
91
Bobby Dandridge
27.1%
198
Lafayette Lever
26.3%
179
Jerry Sloan
25.9%
61
Jack Twyman
25.8%
138
Paul Silas
25.4%
126
Lou Hudson
25.1%
75
Neil Johnston
25%
127
Rudy Tomjanovich
24.8%
186
Norm Nixon
23.1%
85
Cliff Hagan
21.2%
64
Joe Fulks
21%
125
Bailey Howell
20.4%
108
George McGinnis
19.5%
175
Andrew Toney
18.9%
81
Ed Macauley
18.1%
113
Richie Guerin
17.9%
191
Doug Collins
17.9%
111
George Yardley
17.8%
145
Vern Mikkelsen
17.6%
114
Norm Van Lier
16.3%
163
John Drew
15.1%
170
Clyde Lovellette
14.8%
129
Guy Rodgers
14.3%
161
Otis Birdsong
13.6%
93
Jim Pollard
11.1%
164
Tom Gola
11%
134
Harry Gallatin
10.7%
200
Bill Bridges
10.6%
136
Larry Foust
10.3%
189
Archie Clark
10.2%
133
Bob Davies
10%
153
Gene Shue
9.2%
116
Zelmo Beaty
8.9%
121
Dick McGuire
8.8%
131
Phil Chenier
8.8%
146
Rudy LaRusso
8.3%
115
Willie Naulls
8.2%
169
Andy Phillip
7.4%
193
Larry Kenon
7.3%
181
Bob Rule
6.4%
158
Bobby Wanzer
6.4%
185
Joe Caldwell
4.2%
Quiz Playlist
Details
Report
Send in Message
Add To Playlist
More Info:
*Active player
Classic:
Type in answers that appear in a list
Quiz Source
Last Updated: Sep 8, 2017
Quiz Scoreboard
CHALLENGE
Sign Up to Join the Scoreboard
Show All
Scores
Hide
Comments
May contain spoilers
Recently Published
Holiday 10x10 Sorting Gallery
by lukepisani3
Holiday
15m
Two Season TV Shows II
by 123Four
Television
10m
Image Sorting: Flags VI
by Barbecue
Geography
2m
More to Explore
Quiz From the Vault
Featured Blog Post
14 Easter Pick-up Lines to Find Eggs With
hide this ad
You Might Also Like...
Tags
Basketball Quiz
NBA Quiz
200
greatest
online
Player
slam
Top 200
Today's Top Quizzes in Sports
Browse Sports
hide this ad
Today's Top Quizzes in Basketball
Browse Basketball
Top Contributed Quizzes in Sports
1
Les meilleurs buteurs des matchs entre le PSG et l’OM
2
Les entraîneurs de l'OM et du PSG au 21e siècle
3
2022 World Cup Stars
4
Les joueurs passés par le PSG et l'OM
5
Players with Multiple 50 Home Run Seasons
6
FIFA Club World Cup Champions
7
Criteria MLB: Left Handed Sluggers
8
Les joueurs passés par le LOSC et le RC Lens
9
Top 10 NHL Goal Scorers of All Time
10
NBA Logic Puzzle 2.0
Explore More
Trending Topics
NBA
Disney
Crossword
Anime
Marvel
Harry Potter
Kpop
Soccer
Pokémon
WWE
Country
The Office
Puzzle
NFL
Song
hide this ad
More By:
captain_valiant
Quiz
Plays
Rating
Category
Featured
Created
NBA Top 200 greatest players
12,538
4.20
Sports
Jul 13, 2011
NBA 2012-13 Starting Lineups
4,934
3.18
Sports
Aug 17, 2012
NBA 2010-11 Statistical Leaders
3,668
4.27
Sports
Jul 12, 2011
NBA Teams' Greatest All-Time Starting Five
2,995
3.40
Sports
Apr 10, 2012
NBA 2001-02 Statistical Leaders
478
4.25
Sports
Dec 5, 2011
Go to Creator's Profile
Score Distribution
Quiz Creator Spotlight
captain_valiant
Follow
Send a Message
Quizzes Created
-
Created Quiz Play Count
-
More By This Creator
Popular Quizzes Today
1
Find the US States - No Outlines Minefield
2
Colored Red Africa Blitz
3
Find the 'City' Movie
4
The Countries of the World
5
5x2 Blitz: Bands
6
Find the Countries of Europe - No Outlines Minefield
7
Find the US States
8
US States
More Sports Quizzes
Rugby Players Slideshow
Quiz Lab
Trending Quizzes
Colored Red Europe Blitz I
Colored Red Africa Blitz II
Colored Red Europe Blitz II
Even More Two Season TV Shows
Colored Red Africa Blitz III
Recently Updated
Odd Team Out - Big 4 Players
pecheneg
Quick Pick: 20 Twenties
pecheneg
March Madness Men's Triple Doubles
pecheneg
How Do You Spell That?
pecheneg
Godzilla Movies
pecheneg
Grab Bag: 4-10 Letters
pecheneg
2024 March Madness Bracket
pecheneg
Famous TV Couples
Peacemaker
Champions League XIs: Real Madrid
pecheneg
Largest US Cities 1790-2010
pecheneg
Trending Topics
Harry Potter
Disney
Crossword
Anime
NBA
Kpop
Marvel
WWE
Country
NFL
Song
Pokémon
The Office
Puzzle
Soccer
Your Account Isn't Verified!
In order to create a playlist on Sporcle, you need to verify the email address you used during registration. Go to your
Sporcle Settings
to finish the process.
Report this User
Report this user for behavior that violates our
Community Guidelines
.
Details:
Send Report
Go to the Sporcle.com Mobile Site →
Comments